[Event "I Trofeo Giovanni Pico"]
[Site "Mirandola ITA"]
[Date "2008.01.12"]
[Round "3"]
[White "Vincenzi, Marco"]
[Black "Ugolini, Lorenzo"]
[Result "1-0"]
[WhiteElo "2074"]
[BlackElo "1482"]
[PlyCount "63"]
[EventDate "2008.01.11"]

1. e4 e5 2. Nf3 Nc6 3. Bb5 a6 4. Ba4 d6 5. Bxc6+ bxc6 6. d4 f6 7. dxe5 fxe5 8.
Nc3 Rb8 9. O-O Ne7 10. Qe2 Ng6 11. Qc4 Qd7 12. Rd1 Be7 13. Ne2 c5 14. Nc3 Rb4
15. Qe2 Bb7 16. a3 Rb6 17. Qc4 Rf8 18. Be3 Qg4 19. h3 Qh5 20. Qe2 Rxb2 21. Rab1
Rb6 22. Rxb6 cxb6 23. Rb1 b5 24. Nxb5 Bxe4 25. Nc7+ Kd7 26. Ne6 Rxf3 27. Nxg7
Qh4 28. Qxa6 Rxh3 29. Qa7+ Bb7 30. Qxb7+ Kd8 31. Qb8+ Kd7 32. Qa7+ 1-0

[Event "I Trofeo Giovanni Pico"]
[Site "Mirandola ITA"]
[Date "2008.01.12"]
[Round "3"]
[White "Vitiello, Luigi"]
[Black "Sciortino, Massimo"]
[Result "1-0"]
[WhiteElo "1488"]
[BlackElo "2268"]
[PlyCount "61"]
[EventDate "2008.01.11"]

1. d4 Nf6 2. c4 g6 3. Nc3 Bg7 4. e4 d6 5. Bd3 O-O 6. f3 Nc6 7. Be3 e5 8. Nge2
exd4 9. Nxd4 Ne5 10. Nde2 c6 11. Qd2 Re8 12. Rd1 d5 13. cxd5 cxd5 14. Bb5 Bd7
15. Bxd7 Nc4 16. Qc1 Nxe3 17. Qxe3 Qxd7 18. e5 Qf5 19. f4 Ng4 20. Qd3 Qh5 21.
h3 d4 22. Ng3 Nxe5 23. fxe5 Rxe5+ 24. Nce4 Qh4 25. O-O Re7 26. Qb3 Rae8 27.
Rxd4 Rxe4 28. Rxe4 Rxe4 29. Qxf7+ Kh8 30. Rc1 Rd4 31. Qe8+ 1-0

[Event "I Trofeo Giovanni Pico"]
[Site "Mirandola ITA"]
[Date "2008.01.13"]
[Round "4"]
[White "Buriani, Andrea"]
[Black "Moi, Roberto"]
[Result "1-0"]
[WhiteElo "2148"]
[BlackElo "1933"]
[PlyCount "77"]
[EventDate "2008.01.11"]

1. d4 d5 2. Nf3 Nf6 3. c4 e6 4. Nc3 c5 5. cxd5 Nxd5 6. e4 Nxc3 7. bxc3 Be7 8.
Be2 O-O 9. O-O Qc7 10. Bb2 Rd8 11. Qd2 Nc6 12. d5 f5 13. Qc2 exd5 14. exd5 Ne5
15. Nxe5 Qxe5 16. c4 Qd6 17. Bd3 Rf8 18. Rae1 Bf6 19. Re2 Bd7 20. Rfe1 Rf7 21.
Be5 Bxe5 22. Rxe5 Raf8 23. f4 g6 24. Qb2 b6 25. Qa3 Bc8 26. Bc2 Kg7 27. Ba4 Bd7
28. Bxd7 Rxd7 29. g3 Rf6 30. Re8 Rf8 31. R8e6 Qc7 32. h4 Rff7 33. Qb2+ Kh6 34.
h5 Rd6 35. hxg6 hxg6 36. Qh2+ Kg7 37. Re8 g5 38. Qh8+ Kg6 39. R1e6+ 1-0

[Event "I Trofeo Giovanni Pico"]
[Site "Mirandola ITA"]
[Date "2008.01.13"]
[Round "4"]
[White "Castellano, Alfonso"]
[Black "Bolognesi, Alberto"]
[Result "0-1"]
[WhiteElo "1936"]
[BlackElo "1866"]
[PlyCount "52"]
[EventDate "2008.01.11"]

1. c4 e5 2. Nc3 Nc6 3. g3 Nf6 4. Bg2 Bb4 5. e3 O-O 6. Nge2 Bxc3 7. Nxc3 d6 8.
O-O Bf5 9. d3 Qd7 10. Re1 h6 11. a3 Bh3 12. Bh1 Ne7 13. Bxb7 c6 14. Bxa8 Rxa8
15. Qe2 Qf5 16. f3 h5 17. Ne4 Nxe4 18. dxe4 Qg6 19. b4 f5 20. exf5 Nxf5 21. Kh1
Re8 22. e4 Nd4 23. Qd1 Rf8 24. Re3 Qf7 25. Rd3 Nxf3 26. Rxd6 Ne1 0-1

[Event "I Trofeo Giovanni Pico"]
[Site "Mirandola ITA"]
[Date "2008.01.13"]
[Round "4"]
[White "De Zaiacomo, Tonino"]
[Black "Boni, Gianni"]
[Result "0-1"]
[WhiteElo "1792"]
[BlackElo "1778"]
[PlyCount "64"]
[EventDate "2008.01.11"]

1. d4 b6 2. c4 Bb7 3. Nc3 Nf6 4. e3 e6 5. Nf3 Ne4 6. Bd3 Bb4 7. Qc2 Bxc3+ 8.
bxc3 f5 9. O-O Qe7 10. a4 a5 11. Ba3 d6 12. Rab1 Nd7 13. Nd2 Nxd2 14. Qxd2 O-O
15. f3 Rf6 16. e4 fxe4 17. fxe4 e5 18. Rxf6 Nxf6 19. d5 Bc8 20. h3 Bd7 21. Bc2
Rf8 22. Rf1 Qe8 23. Qd1 Qg6 24. Qd3 Nh5 25. Rxf8+ Kxf8 26. Qf3+ Qf7 27. Qxf7+
Kxf7 28. Kf2 Kg6 29. Bc1 Nf6 30. Kg3 h6 31. h4 Be8 32. Bd1 Nxe4+ 0-1

[Event "I Trofeo Giovanni Pico"]
[Site "Mirandola ITA"]
[Date "2008.01.13"]
[Round "4"]
[White "Dionigi, Riccardo"]
[Black "Sciortino, Massimo"]
[Result "0-1"]
[WhiteElo "1554"]
[BlackElo "2268"]
[PlyCount "92"]
[EventDate "2008.01.11"]

1. d4 Nf6 2. Nf3 g6 3. Bg5 Bg7 4. e3 O-O 5. c4 d6 6. Nc3 c6 7. Bd3 Qc7 8. O-O
Nbd7 9. Qc2 e5 10. Rad1 Re8 11. Rfe1 Nf8 12. h3 h6 13. Bh4 Ne6 14. dxe5 dxe5
15. Bf1 a5 16. Rd2 Nh5 17. Ne2 Nc5 18. Ng3 Nf6 19. Bxf6 Bxf6 20. Red1 e4 21.
Nd4 Be5 22. Nge2 Nd3 23. Nc3 Nc5 24. Nb3 Na6 25. a3 h5 26. Qb1 Bf5 27. Nd4 Nc5
28. Qc2 Bc8 29. Kh1 f5 30. Na4 Nxa4 31. Qxa4 Qe7 32. b4 Bc7 33. c5 Qe5 34. g3
h4 35. Ne2 hxg3 36. fxg3 Be6 37. Qc2 axb4 38. axb4 g5 39. Qb2 Qxb2 40. Rxb2 Ra3
41. Nd4 Bc8 42. Bc4+ Kg7 43. Rf1 Kg6 44. Nc2 Rc3 45. Ba2 Bxg3 46. Rd1 Be5 0-1

[Event "I Trofeo Giovanni Pico"]
[Site "Mirandola ITA"]
[Date "2008.01.13"]
[Round "4"]
[White "Fiorentini, Davide"]
[Black "Marson, Antonio"]
[Result "1/2-1/2"]
[WhiteElo "1596"]
[BlackElo "1809"]
[PlyCount "42"]
[EventDate "2008.01.11"]

1. d4 d5 2. Nf3 c6 3. c3 Nf6 4. Bf4 h6 5. e3 Bf5 6. Bd3 Bxd3 7. Qxd3 e6 8. Nbd2
Bd6 9. Bxd6 Qxd6 10. Ne5 Nbd7 11. f4 Qe7 12. O-O-O O-O-O 13. h3 Kb8 14. Qc2 Rc8
15. Kb1 c5 16. Qb3 Nxe5 17. fxe5 Nd7 18. Rhf1 c4 19. Qc2 f6 20. Rf3 Rhf8 21. e4
Nb6 1/2-1/2

[Event "I Trofeo Giovanni Pico"]
[Site "Mirandola ITA"]
[Date "2008.01.13"]
[Round "4"]
[White "Fragni, Enrico"]
[Black "Ferraguti, Francesco"]
[Result "1-0"]
[WhiteElo "1731"]
[BlackElo "1455"]
[PlyCount "47"]
[EventDate "2008.01.11"]

1. d4 Nf6 2. Nf3 c5 3. d5 d6 4. c4 e6 5. Nc3 Be7 6. e4 exd5 7. cxd5 O-O 8. h3
b6 9. Bd3 Nbd7 10. Bf4 Qc7 11. Nb5 Qb8 12. O-O a6 13. Nc3 Bb7 14. a4 Qc7 15.
Re1 Rfe8 16. Rc1 g6 17. g4 Kg7 18. Qd2 Ng8 19. e5 Rad8 20. e6 fxe6 21. Rxe6
Ndf6 22. Ng5 Nxd5 23. Rxg6+ Kh8 24. Nf7# 1-0

[Event "I Trofeo Giovanni Pico"]
[Site "Mirandola ITA"]
[Date "2008.01.13"]
[Round "4"]
[White "Garofalo, Sergio"]
[Black "Vitiello, Luigi"]
[Result "1/2-1/2"]
[WhiteElo "1882"]
[BlackElo "1488"]
[PlyCount "63"]
[EventDate "2008.01.11"]

1. d4 d5 2. Nf3 Nf6 3. Nbd2 Nbd7 4. b3 e6 5. a3 b6 6. e3 a6 7. Bb2 Bb7 8. Bd3
c5 9. Qe2 Bd6 10. Ne5 b5 11. c4 Qc7 12. f4 cxd4 13. exd4 dxc4 14. bxc4 bxc4 15.
Ndxc4 Nd5 16. Nxd6+ Qxd6 17. O-O O-O 18. Rf2 N7b6 19. Raf1 Na4 20. Ba1 Nf6 21.
g4 Qd5 22. Rf3 Rfc8 23. g5 Ne4 24. Re1 Nac3 25. Bxc3 Nxc3 26. Bxh7+ Kxh7 27.
Rh3+ Kg8 28. Rh8+ Kxh8 29. Qh5+ Kg8 30. Qxf7+ Kh7 31. Qh5+ Kg8 32. Qf7+ 1/2-1/2

[Event "I Trofeo Giovanni Pico"]
[Site "Mirandola ITA"]
[Date "2008.01.13"]
[Round "4"]
[White "Gilevych, Artem"]
[Black "Marani, Luca"]
[Result "1-0"]
[WhiteElo "2069"]
[BlackElo "1875"]
[PlyCount "79"]
[EventDate "2008.01.11"]

1. d4 d5 2. Nf3 Nf6 3. c4 e6 4. Nc3 Be7 5. Bg5 O-O 6. e3 b6 7. cxd5 exd5 8. Rc1
Nbd7 9. Bd3 h6 10. Bh4 Bb7 11. O-O c5 12. Bf5 Ne4 13. Bxe7 Qxe7 14. dxc5 Nxc3
15. Rxc3 Nxc5 16. Nd4 Rfe8 17. Qc2 Qg5 18. b4 Ne6 19. Bxe6 fxe6 20. f4 Qf6 21.
Nf3 Rac8 22. Ne5 Rxc3 23. Qxc3 Rc8 24. Qd2 Qf5 25. Rc1 Rxc1+ 26. Qxc1 Qe4 27.
Qd2 h5 28. Nf3 Ba6 29. Kf2 Qd3 30. Qxd3 Bxd3 31. Nd4 Bf5 32. Kg3 Kf7 33. Kh4 g6
34. Nxf5 exf5 35. Kg5 Kg7 36. b5 Kf7 37. Kh6 Kf6 38. h4 Kf7 39. Kh7 Kf6 40. Kg8
1-0

[Event "I Trofeo Giovanni Pico"]
[Site "Mirandola ITA"]
[Date "2008.01.13"]
[Round "4"]
[White "Gozzi, Giorgio"]
[Black "Ricci Petitoni, Angelo"]
[Result "1-0"]
[WhiteElo "1868"]
[BlackElo "1374"]
[PlyCount "62"]
[EventDate "2008.01.11"]

1. e4 e6 2. d4 Nf6 3. e5 Nd5 4. c4 Ne7 5. Nf3 d5 6. c5 Bd7 7. Nc3 b6 8. b4 bxc5
9. bxc5 Bc6 10. Bd3 g6 11. Bg5 a6 12. a4 h6 13. Bf6 Rg8 14. g4 Ra7 15. Qd2 Ra8
16. Nh4 Nd7 17. Qf4 Nb8 18. Qe3 Nd7 19. Qf4 Nb8 20. Nf3 Nd7 21. Qe3 Nb8 22. Rg1
Nd7 23. Kd2 Nxf6 24. exf6 Nc8 25. Ne5 Bd7 26. c6 Bxc6 27. Nxc6 Qd7 28. Ne5 Qd8
29. g5 h5 30. Rae1 Nb6 31. Nxf7 Qd7 1-0

[Event "I Trofeo Giovanni Pico"]
[Site "Mirandola ITA"]
[Date "2008.01.13"]
[Round "4"]
[White "Paoli, Walter"]
[Black "Malfagia, Andrea"]
[Result "0-1"]
[WhiteElo "2059"]
[BlackElo "2264"]
[PlyCount "69"]
[EventDate "2008.01.11"]

1. e4 e6 2. Qe2 c5 3. g3 Nc6 4. Nf3 Nge7 5. c3 d5 6. d3 g6 7. Bg2 Bg7 8. O-O b6
9. e5 a5 10. a4 Ba6 11. Na3 h6 12. Re1 g5 13. h3 Kd7 14. c4 Qg8 15. Nb5 Rf8 16.
d4 cxd4 17. c5 Qh7 18. cxb6 Rb8 19. Qd2 Rxb6 20. Nbxd4 Nb4 21. Re3 Rc8 22. Rc3
Rbb8 23. Rxc8 Rxc8 24. Ra3 Qb1 25. Rc3 Rxc3 26. Qxc3 Na2 27. Qxa5 Qxc1+ 28. Kh2
Qc8 29. b4 Nc3 30. b5 Bb7 31. Qb4 Ne4 32. a5 Qc3 33. Qxc3 Nxc3 34. a6 Bc8 35.
b6 0-1

[Event "I Trofeo Giovanni Pico"]
[Site "Mirandola ITA"]
[Date "2008.01.13"]
[Round "4"]
[White "Salvioli, Alessandro"]
[Black "Benincasa, Marco"]
[Result "0-1"]
[WhiteElo "1793"]
[BlackElo "1981"]
[PlyCount "106"]
[EventDate "2008.01.11"]

1. e4 Nf6 2. e5 Nd5 3. d4 d6 4. Nf3 Bg4 5. Be2 e6 6. c4 Nb6 7. O-O Be7 8. h3
Bh5 9. Nc3 O-O 10. Re1 N8d7 11. g4 Bg6 12. Bf4 dxe5 13. Nxe5 Nxe5 14. Bxe5 Nd7
15. Bg3 c6 16. Bd3 Bf6 17. Bxg6 hxg6 18. Ne4 Qb6 19. Nxf6+ Nxf6 20. Rb1 Rad8
21. c5 Qb4 22. Bd6 Rfe8 23. a3 Qc4 24. b3 Qa6 25. a4 Rd7 26. b4 b5 27. Ra1 Nd5
28. Qb3 Rb7 29. a5 Rd7 30. Rab1 Qc8 31. Qg3 g5 32. h4 gxh4 33. Qxh4 Qd8 34. Qg3
Qg5 35. f4 Qg6 36. f5 Qg5 37. Rb2 Nf6 38. fxe6 Rxe6 39. Rxe6 fxe6 40. Re2 Kf7
41. Rf2 Rd8 42. Be5 Rh8 43. Bxf6 gxf6 44. Qf3 Rh4 45. Rg2 Qc1+ 46. Kf2 Rh1 47.
Kg3 Qe1+ 48. Rf2 Rf1 49. Qxf6+ Kg8 50. g5 Qe3+ 51. Qf3 Qxg5+ 52. Kh2 Qg1+ 53.
Kh3 Rxf2 0-1

[Event "I Trofeo Giovanni Pico"]
[Site "Mirandola ITA"]
[Date "2008.01.13"]
[Round "4"]
[White "Solinas, Roberto"]
[Black "Vincenzi, Marco"]
[Result "0-1"]
[WhiteElo "1798"]
[BlackElo "2074"]
[PlyCount "136"]
[EventDate "2008.01.11"]

1. d4 Nf6 2. Nf3 c5 3. e3 e6 4. Bd3 b6 5. O-O Bb7 6. Nbd2 Be7 7. c3 cxd4 8.
exd4 O-O 9. Qe2 d6 10. Re1 Nbd7 11. Ne4 Nxe4 12. Bxe4 Bxe4 13. Qxe4 Nf6 14. Qd3
Qd7 15. Bg5 b5 16. a3 Qc6 17. Nd2 Qd5 18. Ne4 Qc4 19. Qe2 Nxe4 20. Bxe7 Qxe2
21. Rxe2 Rfe8 22. Bh4 d5 23. f3 Nd6 24. Bg3 Nc4 25. b3 Na5 26. Rb1 Rec8 27. Be1
Nb7 28. b4 Nd6 29. Ra2 Rc6 30. a4 Ra6 31. Rba1 Rxa4 32. Rxa4 bxa4 33. Rxa4 Nc4
34. Ra6 Nb6 35. Kf1 Kf8 36. Ke2 Ke8 37. Bg3 Kd7 38. Ra5 Nc4 39. Rc5 Rc8 40.
Rxc8 Kxc8 41. Kd3 Kb7 42. Be1 Kc6 43. g4 Kb5 44. Kc2 g6 45. h4 h5 46. Bf2 a6
47. g5 Ka4 48. Bg1 Ka3 49. Bf2 Ka2 50. Bg1 Na3+ 51. Kd3 Kb1 52. Be3 Kb2 53. Bd2
Nb1 54. Be1 Kc1 55. c4 dxc4+ 56. Kxc4 Kd1 57. Bg3 Ke2 58. d5 exd5+ 59. Kxd5
Kxf3 60. Be1 Na3 61. Ke5 Nc2 62. Bc3 Kg4 63. Kf6 Kxh4 64. Bd2 Kg4 65. Kxf7 Kf5
66. Bf4 Nxb4 67. Bh2 a5 68. Bd6 Nc2 0-1

[Event "I Trofeo Giovanni Pico"]
[Site "Mirandola ITA"]
[Date "2008.01.13"]
[Round "5"]
[White "Benincasa, Marco"]
[Black "Guaragno, Michele"]
[Result "0-1"]
[WhiteElo "1981"]
[BlackElo "1837"]
[PlyCount "58"]
[EventDate "2008.01.11"]

1. e4 c5 2. c3 d5 3. exd5 Qxd5 4. d4 Nc6 5. Nf3 Bg4 6. Be2 e6 7. O-O Nf6 8. Na3
cxd4 9. Nb5 Rc8 10. Nbxd4 Be7 11. Be3 O-O 12. Qa4 a6 13. Rfd1 Qh5 14. Nxc6 Rxc6
15. h3 Bf5 16. g4 Bxg4 17. hxg4 Nxg4 18. Nh4 f5 19. Nf3 Rf6 20. Kf1 Qh1+ 21.
Ng1 Nh2+ 22. Ke1 Qxg1+ 23. Kd2 Qg2 24. Kc2 Ng4 25. Bd4 Rf7 26. Rg1 Qe4+ 27. Bd3
Qd5 28. Rad1 b5 29. Qa5 Qxd4 0-1

[Event "I Trofeo Giovanni Pico"]
[Site "Mirandola ITA"]
[Date "2008.01.13"]
[Round "5"]
[White "Bolognesi, Alberto"]
[Black "Paoli, Walter"]
[Result "1/2-1/2"]
[WhiteElo "1866"]
[BlackElo "2059"]
[PlyCount "41"]
[EventDate "2008.01.11"]

1. Nf3 Nf6 2. c4 g6 3. d4 Bg7 4. g3 c6 5. Bg2 O-O 6. O-O d5 7. cxd5 cxd5 8. Nc3
Nc6 9. Bg5 Ne4 10. Be3 Nxc3 11. bxc3 b6 12. Ne5 Nxe5 13. dxe5 Bb7 14. f4 Rc8
15. Qd3 e6 16. a4 Qc7 17. Bd4 Ra8 18. Rfb1 Qc8 19. a5 Ba6 20. Qe3 bxa5 21. Rxa5
1/2-1/2

[Event "I Trofeo Giovanni Pico"]
[Site "Mirandola ITA"]
[Date "2008.01.13"]
[Round "5"]
[White "Boni, Gianni"]
[Black "Dionigi, Riccardo"]
[Result "1-0"]
[WhiteElo "1778"]
[BlackElo "1554"]
[PlyCount "65"]
[EventDate "2008.01.11"]

1. b3 d5 2. Bb2 e6 3. e3 Nd7 4. Nf3 Ngf6 5. d4 c5 6. Nbd2 Qc7 7. Bd3 Bd6 8. c4
O-O 9. h3 a6 10. O-O Rb8 11. Qc2 h6 12. Rac1 b6 13. cxd5 Nxd5 14. Qb1 Qa7 15.
Nc4 Bc7 16. dxc5 Nxc5 17. Bh7+ Kh8 18. Nce5 Qb7 19. Ng4 h5 20. Nge5 Nf6 21. Bc2
Bd7 22. b4 Bb5 23. bxc5 Bxf1 24. c6 Qc8 25. Rxf1 Bd6 26. Rd1 Qc7 27. Nd7 Nxd7
28. cxd7 Rbd8 29. Rd4 Be7 30. Qd1 Bf6 31. Qd3 g6 32. Rc4 Qxc4 33. Bxf6+ 1-0

[Event "I Trofeo Giovanni Pico"]
[Site "Mirandola ITA"]
[Date "2008.01.13"]
[Round "5"]
[White "Caramaschi, Vincenzo"]
[Black "Marson, Antonio"]
[Result "1/2-1/2"]
[WhiteElo "1458"]
[BlackElo "1809"]
[PlyCount "75"]
[EventDate "2008.01.11"]

1. e4 c6 2. d4 d5 3. Nc3 dxe4 4. Nxe4 Bf5 5. Ng3 Bg6 6. Nf3 Nd7 7. Bd3 Bxd3 8.
Qxd3 e6 9. O-O Qc7 10. c4 Ngf6 11. Re1 Be7 12. Bd2 O-O 13. Nf5 Rfe8 14. Nxe7+
Rxe7 15. g3 Rd8 16. Qc2 Ree8 17. Bf4 Qc8 18. Ne5 Nxe5 19. dxe5 Nd7 20. Bg5 f6
21. exf6 Nxf6 22. Bxf6 gxf6 23. Re4 Rd7 24. h4 Qd8 25. Qe2 Qe7 26. Re1 e5 27.
Rg4+ Kh8 28. h5 Rg8 29. h6 Qf8 30. Rxg8+ Qxg8 31. Kg2 Qg6 32. Rh1 e4 33. Rh4 f5
34. b3 Qf6 35. Qh5 Qg6 36. Qxg6 hxg6 37. g4 fxg4 38. Rxg4 1/2-1/2

[Event "I Trofeo Giovanni Pico"]
[Site "Mirandola ITA"]
[Date "2008.01.13"]
[Round "5"]
[White "De Biaggi, Paolo"]
[Black "Pinna, Ferdinando"]
[Result "1-0"]
[WhiteElo "1968"]
[BlackElo "1635"]
[PlyCount "65"]
[EventDate "2008.01.11"]

1. e4 c5 2. f4 d6 3. Bb5+ Bd7 4. Bxd7+ Nxd7 5. Nf3 Qc7 6. O-O Ngf6 7. Nc3 e6 8.
Qe2 a6 9. a4 Be7 10. d3 Rc8 11. h3 Qc6 12. e5 Nh5 13. Kh2 g6 14. g4 Ng7 15. Ne4
d5 16. Ng3 c4 17. dxc4 Qxc4 18. Qxc4 Rxc4 19. Rf2 h5 20. gxh5 Nxh5 21. Nxh5
gxh5 22. b3 Rc7 23. Be3 Bc5 24. Nd4 Ke7 25. Rg1 Rcc8 26. Rg7 Rcg8 27. Rfg2 Rxg7
28. Rxg7 Bxd4 29. Bxd4 Kf8 30. Rg2 f6 31. exf6 Rh6 32. Rg7 Nxf6 33. Rxb7 1-0

[Event "I Trofeo Giovanni Pico"]
[Site "Mirandola ITA"]
[Date "2008.01.13"]
[Round "5"]
[White "Ferraguti, Francesco"]
[Black "Ugolini, Lorenzo"]
[Result "1/2-1/2"]
[WhiteElo "1455"]
[BlackElo "1482"]
[PlyCount "67"]
[EventDate "2008.01.11"]

1. d4 d5 2. c4 e6 3. cxd5 exd5 4. Nc3 Nf6 5. Nf3 c6 6. Bg5 Nbd7 7. e3 Be7 8.
Bd3 O-O 9. O-O h6 10. Bxf6 Nxf6 11. a3 Re8 12. Qe2 Bg4 13. h3 Bh5 14. Rac1 Bd6
15. Qd1 Qd7 16. Be2 Bg6 17. Bd3 Bh5 18. Be2 Bg6 19. Re1 Ne4 20. Qa4 Nxc3 21.
Rxc3 Be4 22. Rec1 a6 23. Qd1 Bc7 24. Bd3 Qe7 25. Bxe4 Qxe4 26. Qd3 Qxd3 27.
Rxd3 Re6 28. Nd2 f5 29. Nb3 Bb6 30. Kf1 Rae8 31. Ke2 f4 32. a4 fxe3 33. fxe3
Rf8 34. a5 1/2-1/2

[Event "I Trofeo Giovanni Pico"]
[Site "Mirandola ITA"]
[Date "2008.01.13"]
[Round "5"]
[White "Malfagia, Andrea"]
[Black "Buriani, Andrea"]
[Result "1-0"]
[WhiteElo "2264"]
[BlackElo "2148"]
[PlyCount "95"]
[EventDate "2008.01.11"]

1. d4 d5 2. c4 dxc4 3. e3 e5 4. Bxc4 exd4 5. exd4 Bd6 6. Nf3 Nf6 7. h3 O-O 8.
O-O Bf5 9. Nc3 Nbd7 10. Be3 c6 11. Rc1 Nb6 12. Bb3 Nfd5 13. Bg5 f6 14. Bd2 Qd7
15. Nxd5 Nxd5 16. Bxd5+ cxd5 17. Qb3 Be6 18. Bb4 Bxb4 19. Qxb4 Rac8 20. Rfe1
Rc6 21. Rxc6 Qxc6 22. Nd2 Re8 23. Nb1 Bd7 24. Rxe8+ Bxe8 25. Nc3 Qe6 26. Qxb7
Qe1+ 27. Kh2 Qxf2 28. Qxd5+ Kf8 29. Qd6+ Kf7 30. Qc7+ Kg8 31. Qb8 Kf8 32. d5
Kf7 33. Qc7+ Kf8 34. Qd6+ Kf7 35. b4 Qe3 36. Qc7+ Kf8 37. Qc5+ Qxc5 38. bxc5 f5
39. Kg3 g5 40. h4 h6 41. hxg5 hxg5 42. Kf3 Ke7 43. Ke3 Kf6 44. Kd4 a6 45. c6 g4
46. Ne2 a5 47. g3 a4 48. a3 1-0

[Event "I Trofeo Giovanni Pico"]
[Site "Mirandola ITA"]
[Date "2008.01.13"]
[Round "5"]
[White "Marani, Luca"]
[Black "Vitiello, Luigi"]
[Result "0-1"]
[WhiteElo "1875"]
[BlackElo "1488"]
[PlyCount "69"]
[EventDate "2008.01.11"]

1. e4 e5 2. Nf3 Nc6 3. Bc4 Be7 4. d4 exd4 5. Nxd4 Nf6 6. Nc3 O-O 7. O-O Ne5 8.
Bb3 d6 9. f4 Ned7 10. Qf3 Nc5 11. Bc4 c6 12. b4 Bg4 13. Qg3 Ne6 14. Nb3 Qb6+
15. Rf2 Qxb4 16. Bxe6 Bxe6 17. a3 Qb6 18. Be3 Qc7 19. Nd4 Qd7 20. f5 Bc4 21.
Rd1 c5 22. Nf3 Qc6 23. Bh6 Nh5 24. Qg4 d5 25. Qxh5 Qxh6 26. Qxh6 gxh6 27. exd5
Rad8 28. Ne5 Bf6 29. Nxc4 Bxc3 30. f6 Bd4 31. Rxd4 cxd4 32. Rf4 Rxd5 33. Rf3
Kh8 34. Nd2 h5 35. Rd3 0-1

[Event "I Trofeo Giovanni Pico"]
[Site "Mirandola ITA"]
[Date "2008.01.13"]
[Round "5"]
[White "Moi, Roberto"]
[Black "Garofalo, Sergio"]
[Result "1-0"]
[WhiteElo "1933"]
[BlackElo "1882"]
[PlyCount "89"]
[EventDate "2008.01.11"]

1. e4 e5 2. Nf3 Nc6 3. Bc4 Nf6 4. d4 exd4 5. O-O Nxe4 6. Re1 d5 7. Bxd5 Qxd5 8.
Nc3 Qa5 9. Rxe4+ Be6 10. Ne2 O-O-O 11. Nexd4 Nxd4 12. Rxd4 Bc5 13. Bd2 Rxd4 14.
Bxa5 Rxd1+ 15. Rxd1 b6 16. Bc3 Bg4 17. Rd3 Bf5 18. Rd2 f6 19. Kf1 Re8 20. Bd4
Bxd4 21. Nxd4 Rd8 22. c3 c5 23. Nf3 Be6 24. Rxd8+ Kxd8 25. b3 a5 26. Ke2 a4 27.
Nd2 Kd7 28. Kd3 Kc6 29. bxa4 b5 30. axb5+ Kxb5 31. c4+ Kb4 32. a3+ Kxa3 33. Kc3
Bf5 34. Nb3 Ka4 35. Nxc5+ Ka5 36. Kd4 Kb6 37. Kd5 Bb1 38. Kd6 Bf5 39. Nb3 Kb7
40. c5 Kc8 41. Nd4 Be4 42. g3 g6 43. Nc6 Bf3 44. Ne7+ Kd8 45. c6 1-0

[Event "I Trofeo Giovanni Pico"]
[Site "Mirandola ITA"]
[Date "2008.01.13"]
[Round "5"]
[White "Ricci Petitoni, Angelo"]
[Black "De Zaiacomo, Tonino"]
[Result "0-1"]
[WhiteElo "1374"]
[BlackElo "1792"]
[PlyCount "44"]
[EventDate "2008.01.11"]

1. d4 e5 2. c4 Bb4+ 3. Nc3 Qf6 4. Nf3 exd4 5. Qxd4 Nc6 6. Qxf6 Nxf6 7. Bd2 O-O
8. e3 d6 9. Be2 Bg4 10. a3 Bxc3 11. Bxc3 Ne4 12. Rc1 Rfe8 13. O-O Nxc3 14. Rxc3
Rab8 15. b4 Bxf3 16. Bxf3 Ne5 17. Be2 f5 18. f4 Ng4 19. Rf3 Re7 20. h3 Nf6 21.
Bd1 Rbe8 22. Kf2 Ne4+ 0-1

[Event "I Trofeo Giovanni Pico"]
[Site "Mirandola ITA"]
[Date "2008.01.13"]
[Round "5"]
[White "Sciortino, Massimo"]
[Black "Raisi, Michele"]
[Result "1-0"]
[WhiteElo "2268"]
[BlackElo "1435"]
[PlyCount "85"]
[EventDate "2008.01.11"]

1. Nf3 Nf6 2. c4 c5 3. Nc3 Nc6 4. g3 g6 5. Bg2 Bg7 6. O-O O-O 7. d3 d6 8. Bd2
Re8 9. Rb1 Be6 10. a3 Qc8 11. Ng5 Bd7 12. b4 b6 13. b5 Nd4 14. e3 Ne6 15. Nxe6
Bxe6 16. Bxa8 Qxa8 17. f3 Bh3 18. Rf2 d5 19. Ne2 Rd8 20. cxd5 Nxd5 21. Qa4 Nf6
22. Bc3 Rxd3 23. Bxf6 Bxf6 24. Nf4 Bf5 25. Nxd3 Bxd3 26. Rd1 Bf5 27. Kg2 h5 28.
Rfd2 Kg7 29. Qf4 Qe8 30. a4 e5 31. Qc4 Be6 32. Qc2 Bf5 33. e4 Be6 34. h4 g5 35.
hxg5 Bxg5 36. f4 exf4 37. gxf4 Bxf4 38. Rd8 Bh3+ 39. Kxh3 Qe6+ 40. Kg2 Qg4+ 41.
Kf1 Qf3+ 42. Qf2 Qxe4 43. Qg2+ 1-0

[Event "I Trofeo Giovanni Pico"]
[Site "Mirandola ITA"]
[Date "2008.01.13"]
[Round "5"]
[White "Vincenzi, Marco"]
[Black "Gilevych, Artem"]
[Result "1/2-1/2"]
[WhiteElo "2074"]
[BlackElo "2069"]
[PlyCount "35"]
[EventDate "2008.01.11"]

1. e4 e6 2. d4 d5 3. Nc3 Bb4 4. e5 c5 5. a3 Bxc3+ 6. bxc3 Qc7 7. Nf3 b6 8. Bb5+
Bd7 9. Bd3 c4 10. Be2 Ba4 11. O-O Ne7 12. Nh4 Nbc6 13. f4 a6 14. Be3 O-O-O 15.
Nf3 h6 16. Bf2 Rdg8 17. Qd2 Qd8 18. Ra2 1/2-1/2

[Event "C.to Provinciale LI"]
[Site "Livorno ITA"]
[Date "2008.01.12"]
[Round "1"]
[White "Baldi, Daniele"]
[Black "Rinaldi, Francesco Saverio"]
[Result "0-1"]
[WhiteElo "1723"]
[BlackElo "2181"]
[PlyCount "84"]
[EventDate "2008.01.12"]

1. d4 g6 2. c4 Bg7 3. Nc3 c5 4. Nf3 cxd4 5. Nxd4 Nc6 6. Nxc6 bxc6 7. g3 Nf6 8.
Bg2 O-O 9. O-O Qb6 10. Qc2 d6 11. Rb1 Be6 12. Na4 Qc7 13. b3 Rfc8 14. Bb2 Qa5
15. Bc3 Qh5 16. Qd3 Bh3 17. Bxh3 Qxh3 18. Bxf6 Bxf6 19. f4 Rd8 20. f5 d5 21. c5
Kg7 22. Rf3 g5 23. Nc3 Qg4 24. Kg2 Qb4 25. Na4 h5 26. h4 g4 27. Rf4 Qb8 28. b4
Qe5 29. Rff1 d4 30. a3 Qd5+ 31. Kh2 Re8 32. Nb2 a5 33. Nc4 Rab8 34. Nxa5 e5 35.
fxe6 Rxe6 36. Nc4 Rbe8 37. Rbe1 Bxh4 38. gxh4 Re3 39. Rxf7+ Qxf7 40. Qxd4+ Kg8
41. Qxe3 Rxe3 42. Nxe3 Qf4+ 0-1

[Event "C.to Provinciale LI"]
[Site "Livorno ITA"]
[Date "2008.01.12"]
[Round "2"]
[White "Rinaldi, Francesco Saverio"]
[Black "Codenotti, Marco"]
[Result "1/2-1/2"]
[WhiteElo "2181"]
[BlackElo "1992"]
[PlyCount "53"]
[EventDate "2008.01.12"]

1. Nf3 Nf6 2. d4 g6 3. c4 Bg7 4. Nc3 O-O 5. e3 d6 6. Be2 Nbd7 7. O-O e5 8. Qc2
Re8 9. b4 Nf8 10. a4 h5 11. Rd1 Bf5 12. Qb3 e4 13. Nd2 N8h7 14. b5 Ng4 15. h3
Ngf6 16. Nf1 g5 17. Ng3 Bg6 18. Nd5 Qc8 19. Rd2 h4 20. Nf1 g4 21. Nf4 Bf5 22.
hxg4 Bxg4 23. Bxg4 Nxg4 24. Nh2 Ng5 25. Qd1 f5 26. Bb2 Qd7 27. Rc1 1/2-1/2

[Event "C.to Provinciale LI"]
[Site "Livorno ITA"]
[Date "2008.02.13"]
[Round "3"]
[White "Cheli, Giancarlo"]
[Black "Rinaldi, Francesco Saverio"]
[Result "1/2-1/2"]
[WhiteElo "2022"]
[BlackElo "2181"]
[PlyCount "71"]
[EventDate "2008.01.12"]

1. e4 g6 2. Nf3 Bg7 3. d4 d6 4. Nc3 Nf6 5. Be2 a6 6. a4 O-O 7. O-O b6 8. Re1
Bb7 9. Bf1 e6 10. Bf4 h6 11. e5 Nd5 12. Nxd5 Bxd5 13. c4 Bb7 14. Qb3 g5 15. Bg3
g4 16. Nh4 dxe5 17. dxe5 Nc6 18. Qe3 Qg5 19. f4 gxf3 20. Nxf3 Qxe3+ 21. Rxe3
Rfd8 22. Bd3 Nb4 23. Be4 Bxe4 24. Rxe4 Rd3 25. Be1 Nc2 26. Rc1 Nxe1 27. Rexe1
Bf8 28. Kf1 Rad8 29. Ke2 Kg7 30. Rcd1 Rxd1 31. Rxd1 Rxd1 32. Kxd1 Kg6 33. g4
Bc5 34. Ke2 h5 35. h3 hxg4 36. hxg4 1/2-1/2